[Event "Pan American-ch U16 27th"]
[Site "Montevideo"]
[Date "2016.07.31"]
[Round "9"]
[White "Donoso Diaz, Sebastian"]
[Black "Miyasaka, Matthew Shoji"]
[Result "0-1"]
[WhiteElo "2111"]
[BlackElo "1971"]
[PlyCount "86"]
[EventDate "2016.07.25"]
[EventType "swiss"]
[EventRounds "9"]
[EventCountry "URU"]
[SourceTitle "EXT 2017"]
[Source "ChessBase"]
[SourceDate "2016.10.25"]
[SourceVersion "1"]
[SourceVersionDate "2016.10.25"]
[SourceQuality "1"]

1. e4 c5 2. Nf3 d6 3. d4 cxd4 4. Nxd4 Nf6 5. Nc3 g6 6. Be3 Bg7 7. f3 0-0 8. Qd2 Nc6 9. Bc4 Bd7 10. 0-0-0 Rc8 11. Bb3 Nxd4 12. Bxd4 b5 13. Nd5 Nxd5 14. Bxg7 Kxg7 15. exd5 a5 16. a3 Qb6 17. g4 Rb8 18. Qd4+ Qxd4 19. Rxd4 g5 20. Re4 Rbe8 21. Rhe1 Kf6 22. f4 Bxg4 23. c3 Rg8 24. fxg5+ Rxg5 25. h4 Re5 26. Rxe5 dxe5 27. Rf1+ Kg6 28. h5+ Bxh5 29. d6 f5 30. d7 Rd8 31. a4 b4 32. cxb4 axb4 33. a5 Rxd7 34. Bc4 Rc7 35. Rg1+ Kf6 36. b3 Bf7 37. Kb2 Bxc4 38. bxc4 Ra7 39. Ra1 e4 40. Kb3 e3 41. Kxb4 f4 42. Kc3 Rd7 43. a6 e2 0-1

[Event "Pan American-ch U16"]
[Site "Cali"]
[Date "2015.07.03"]
[Round "9"]
[White "Escalante Ramirez, Brian Sebastian"]
[Black "Miyasaka, Matthew Shoji"]
[Result "1/2-1/2"]
[WhiteElo "2427"]
[BlackElo "2037"]
[PlyCount "68"]
[EventDate "2015.06.28"]
[EventType "swiss"]
[EventRounds "9"]
[EventCountry "COL"]
[SourceTitle "EXT 2016"]
[Source "ChessBase"]
[SourceDate "2015.10.08"]
[SourceVersion "1"]
[SourceVersionDate "2015.10.08"]
[SourceQuality "1"]

1. e4 c5 2. Nf3 d6 3. d4 cxd4 4. Nxd4 Nf6 5. Nc3 g6 6. Be2 Bg7 7. Nb3 0-0 8. g4 Na6 9. h4 Nc5 10. Nxc5 dxc5 11. Qxd8 Rxd8 12. g5 Ne8 13. Be3 b6 14. Nd5 Bb7 15. Nxe7+ Kf8 16. Nd5 Bxd5 17. exd5 Bxb2 18. Rd1 Bc3+ 19. Kf1 Nd6 20. Bf4 Rac8 21. Rh3 Bd4 22. h5 Ne4 23. Rxd4 cxd4 24. hxg6 hxg6 25. Bd3 Nc3 26. d6 Ke8 27. Be5 Kd7 28. Ba6 Ne4 29. Bxc8+ Rxc8 30. Ra3 a5 31. Bxd4 Rxc2 32. Kg2 Rc6 33. Rb3 Rxd6 34. Bxb6 Rd5 1/2-1/2

[Event "Pan American-ch U16"]
[Site "Cali"]
[Date "2015.07.01"]
[Round "6"]
[White "Poon, Yu Tien"]
[Black "Miyasaka, Matthew Shoji"]
[Result "1/2-1/2"]
[WhiteElo "2135"]
[BlackElo "2037"]
[PlyCount "107"]
[EventDate "2015.06.28"]
[EventType "swiss"]
[EventRounds "9"]
[EventCountry "COL"]
[SourceTitle "EXT 2016"]
[Source "ChessBase"]
[SourceDate "2015.10.08"]
[SourceVersion "1"]
[SourceVersionDate "2015.10.08"]
[SourceQuality "1"]

1. d4 d5 2. c4 dxc4 3. e3 e5 4. Bxc4 exd4 5. exd4 Bd6 6. Nf3 Nf6 7. 0-0 0-0 8. Ne5 Bxe5 9. dxe5 Ng4 10. f4 Qh4 11. h3 Nxe5 12. Bb3 Nec6 13. Be3 Bxh3 14. Bf2 Qg4 15. Qxg4 Bxg4 16. Nc3 Na6 17. Nd5 Rad8 18. Rac1 Rd7 19. Ne3 Be2 20. Rfe1 Nd4 21. Ba4 b5 22. Bd1 Bxd1 23. Rcxd1 Rfd8 24. Kf1 h5 25. Rd2 Ne6 26. Rxd7 Rxd7 27. Nd1 c5 28. f5 Nd4 29. Nc3 b4 30. Ne4 b3 31. axb3 Nxb3 32. f6 Kf8 33. Re3 c4 34. fxg7+ Kxg7 35. Rc3 f5 36. Ng3 Kg6 37. Ke1 Re7+ 38. Kd1 Rd7+ 39. Ke1 Rc7 40. Ne2 Nb4 41. Nf4+ Kf7 42. Rh3 Nc1 43. Rxh5 Ncd3+ 44. Kd2 Ke8 45. Rh8+ Kd7 46. Rh7+ Kc6 47. Rxc7+ Kxc7 48. Nxd3 Nxd3 49. Bxa7 Nf4 50. Kc3 Nxg2 51. Kxc4 Nf4 52. b4 Ng6 53. Bg1 Ne5+ 54. Kd5 1/2-1/2

[Event "Pan American-ch U16"]
[Site "Cali"]
[Date "2015.06.30"]
[Round "4"]
[White "Cori Quispe, Kevin Joel"]
[Black "Miyasaka, Matthew Shoji"]
[Result "1-0"]
[WhiteElo "2369"]
[BlackElo "2037"]
[PlyCount "67"]
[EventDate "2015.06.28"]
[EventType "swiss"]
[EventRounds "9"]
[EventCountry "COL"]
[SourceTitle "EXT 2016"]
[Source "ChessBase"]
[SourceDate "2015.10.08"]
[SourceVersion "1"]
[SourceVersionDate "2015.10.08"]
[SourceQuality "1"]

1. e4 c5 2. Nf3 d6 3. d4 cxd4 4. Nxd4 Nf6 5. Nc3 g6 6. Be3 Bg7 7. f3 0-0 8. Qd2 Nc6 9. 0-0-0 Bd7 10. g4 Rc8 11. Kb1 h5 12. gxh5 Nxh5 13. Rg1 Kh7 14. Be2 Nxd4 15. Bxd4 Bh6 16. Be3 Bg7 17. Nd5 e6 18. Nb4 a5 19. Nd3 Ba4 20. Rc1 d5 21. e5 d4 22. Bg5 f6 23. exf6 Bxf6 24. f4 Ng7 25. Ne5 Qb6 26. Bd3 Nf5 27. Qg2 Be8 28. Qh3+ Kg8 29. Bh6 Nxh6 30. Bxg6 Bg7 31. Bxe8 Rfxe8 32. Rxg7+ Kxg7 33. Rg1+ Kf6 34. Nd7+ 1-0